000 00797nas a2200265 4500
001 BR2012008160
003 BR-BrBNA
005 20231205121745.0
007 ta
008 230509b bl.|||p| |||| 00| 00por d
040 _aBR-BrBNA
_bpor
_cBiblioteca Nacional de Agricultura
041 _a(Pt)
072 _aD50; E71; E40
100 1 _aSander, C.M.
100 1 _aSander, T.M.
100 1 _aSander, F.R.
245 1 _aReflexos perante o Poder Judiciário da importância do agronegócio brasileiro
650 _aBRASIL
650 _aLEGISLAÇÃO
650 _aAGRONEGÓCIO
650 _aCOOPERATIVA
773 0 _tRevista do Produtor Rural (Brazil)
_xISSN 1984-0004
_g(Sect-Ouct 2011), v. 5(27) p. 71
_wBR2012008160
909 _a202311
_bLúcia
_c55
_dLúcia Elande
942 _2AGRIS
_n0
_cANA
999 _c225089
_d225089